Movies Quiz

Random Movies or Letter Quiz

The 'S' Movies Quiz Stats

 Plays Quiz Updated Jun 21, 2017

Challenge
Share
Tweet
Score 0/24 Timer 08:00
0 Plays Today
% Correct
The Simpsons Movie
99.5%
The Shining
88.1%
The Smurfs
85.8%
The Sixth Sense
84.7%
The SpongeBob SquarePants Movie
83.4%
The Silence of the Lambs
82.6%
The Shawshank Redemption
82.3%
The Sound of Music
81%
The Social Network
79.3%
The Santa Clause
77%
The Sandlot
69.2%
The Secret Garden
62.3%
% Correct
The Sword in the Stone
55.9%
The Seven Year Itch
54.3%
The Scorpion King
51.8%
The Sisterhood of the Traveling Pants
51.2%
The Secret Life of Walter Mitty
49.7%
The Sting
48.5%
The Sorcerer's Apprentice
41.2%
The Stepford Wives
31.8%
The Switch
30.1%
The Secret of NIMH
24.3%
The Seventh Seal
21.3%
The Sweetest Thing
19.9%

You're not logged in!

Compare scores with friends on all Sporcle quizzes.
Join for Free
OR
Log In

You Might Also Like...

Show Comments

Extras

Top Quizzes Today


Score Distribution

Your Account Isn't Verified!

In order to create a playlist on Sporcle, you need to verify the email address you used during registration. Go to your Sporcle Settings to finish the process.

Report this User

Report this user for behavior that violates our Community Guidelines.

Details: